| 000 | 00646nam a22001937a 4500 | ||
|---|---|---|---|
| 999 |
_c20165 _d20165 |
||
| 003 | AR-CdUCM | ||
| 008 | 190527b ||||| |||| 00| 0 spa d | ||
| 040 |
_aMUNICIPALIDAD PROVINCIAL DEL CUSCO _cBIBLIOTECA MUNICIPAL DEL CUSCO |
||
| 082 | _a868.324 / | ||
| 100 |
_aCayo Fernandez, Luis _942164 |
||
| 245 | _aDiccionario de el ingenioso Hidalgo Don Quijote De la Mancha / | ||
| 260 |
_aMadrid : _bTesoro, _c1962. |
||
| 300 |
_a387 páginas ; _c23 cm. |
||
| 505 | _aContenido : En orden alfabético sentencias y conceptos de la obra. | ||
| 650 |
_aLengua española _91124 |
||
| 650 |
_aDiccionario _95196 |
||
| 942 |
_2ddc _cLIBROS |
||
| 945 | _arcc | ||